00451nam a2200181 a 4500001001300000003000900013005001700022008004100039020001000080082001300090245002400103260003300127300000800160500003500168505001900203650002800222710001900250nice12345678IN_TiNIC20260116011859.0050524s1931 beia grp 000 0 ara  ac10000a244bAME aMai`at Ayat-Wa-Ayat aBeirutbAmerican Pressc1931 a16p aincludes index and biblioraphy2 aReserve copies aChristianity-Miscellany2 aAmerican Press